Preliminary Studies for the Philosophical Investigations : Generally Known as The Blue and Brown Books/

Recopilación de apuntes dictados por el filósofo austríaco Ludwig Wittgenstein o tomados por sus alumnos en Cambridge en los cuadernos azul (apuntes de 1933-1934) y marrón (1934-1935). Se trata de las reflexiones filosóficas de lo que se llama el "segundo" Wittgenstein, origen de lo que se conoce co...

תיאור מלא

שמור ב:
מידע ביבליוגרפי
מחבר ראשי: Wittgenstein, Ludwig (autor)
פורמט: ספר
שפה:אנגלית
יצא לאור: Nueva York, EUA : Harper : Colophon, 1965, c1965
מהדורה:2a edición
נושאים:
תגים: הוספת תג
אין תגיות, היה/י הראשונ/ה לתייג את הרשומה!

MARC

LEADER 00000nam^a2200000^a^4500
001 000183580
005 20250521000000.0
009 20260310102044.868
020 |a 06-1311211-8 
037 |a Acervo ITESO - Biblioteca 
041 |a ING 
082 |a 146. 4  |b WIT 
100 |a Wittgenstein, Ludwig  |e (autor) 
240 1 5 |a [Los cuadernos azul y marrón] 
245 1 4 |a Preliminary Studies for the Philosophical Investigations :  |b Generally Known as The Blue and Brown Books/  |c L. Wittgenstein. 
250 |a 2a edición 
264 4 |a Nueva York, EUA :  |b Harper :  |b Colophon,  |c 1965, c1965 
300 |a XVI, 192 p. 
336 |a texto  |b txt  |2 rdacontenido 
337 |a sin mediación  |b n  |2 rdamedio 
338 |a volumen  |b nc  |2 rdasoporte 
520 |a Recopilación de apuntes dictados por el filósofo austríaco Ludwig Wittgenstein o tomados por sus alumnos en Cambridge en los cuadernos azul (apuntes de 1933-1934) y marrón (1934-1935). Se trata de las reflexiones filosóficas de lo que se llama el "segundo" Wittgenstein, origen de lo que se conoce como filosofía del lenguaje, corriente preponderante en la Inglaterra de los años cincuenta del siglo XX. Wittgenstein intentaba mostrar la imposibilidad de formular una teoría del lenguaje como un todo; el lenguaje, sostenía, según se utiliza realmente, es un conjunto de expresiones que se desempeñan muy diversas funciones en ámbitos de procedimientos y prácticas dispares, delimitados por diversas reglas que no están dadas definitivamente, sino que son susceptibles de innovaciones. 
649 |a XX 
650 |a Lenguaje y Pensamiento 
650 |a Comunicación -  |x Teoría 
650 |a Lingüística 
650 |a Filosofía Analítica -  |x Tema Principal 
650 |a Filosofía del Lenguaje 
650 |a Filosofía del Siglo XX 
650 |a Filosofía Austríaca 
910 |a Fondo General 
920 |a Impresos - Libros 
930 |a Colección General 
905 |a 101 
901 |a 0500123975  |b IT1  |c ACC  |u 20250521 
902 |a https://opac.biblio.iteso.mx/vufind/Record/000183580